000 02361cam a2200325 a 4500
999 _c112597
_d112597
003 BJBSDDR
005 20230411090115.0
007 ta
008 190521s1988 maua b 000 0 eng
020 _a0881623385 :
040 _aDLC
_cDLC
_beng
041 _aspa
043 _ae-fr---
050 0 0 _a318 DC 162
_bV889 1988
082 0 0 _a944.04
_219
245 0 0 _aVoices of the French Revolution /
_cRichard Cobb, general editor, Colin Jones, editor.
260 _aTopsfield, Mass. :
_bSalem House Publishers,
_cc1988.
300 _a256 p. :
_bill. (some col.) ;
_c30 cm.
500 _aIncludes index.
504 _aBibliography: p. 244-247.
505 _aChapter one: 1788-1789 The great hope, the american War of independence, the pre-revolution, the enlightenment, the third estate, the cahiers de doleances, the nobility, the first estate, town and country, philippe egalite, the peasantry, the seigneurial system, elections to the estates general, the luxury trades, fads and fashions, the court and politics. CHAPTER TWO:1789 The great fear the royal family, censorship, paris in the 18th century, the tennis court oath and the seance royale mirabeau 9- hunger, necker 10- the bastille, the conquerors of the bastille, the nation, the king and the law. 16- The Great fear: the peasant revolution. The night of 4 august 17- the rigts of man, versailes 19- Bailly. CHAPTER THREE: 1789-1791 20- Remaking france 24- the new departments 27- the one revolution looks at another 29- the guillotine 31- the jacobin clubs 33- Paper money, secrest gunds 34- Edmund burke 36- The hero of two worlds 38- fete de la federation 41- freemasons 43- The civil constitution of the clergy 45- Talleyrand: renegade or reformer? 46- Marie-Antoinette 49- Fersen: une liaison dangereuse?, the flight to varennes, the champ-de-mars- massacre 51- The constitution of 1791 CHAPTER FOUR: 1791-1792 55the war on tyranny 60- Counter-revolution at coblenz 62- The refracotry clergy
651 0 _aFrance
_xHistory
_yRevolution, 1789-1799
651 4 _aFrancia
_xHistoria
_yRevolución, 1789-1799
_91953
700 1 _aJones, Colin
_d1947-
_94462
700 1 _aCobb, Richard
_94796
906 _a7
_bcbc
_corignew
_d1
_eocip
_f19
_gy-gencatlg
942 _2lcc
_cBK
946 _iLMF